000 01082nam a2200205Ia 4500
999 _c7982
_d7982
005 20241024111330.0
008 230427s9999 xx 000 0 und d
020 _a9508850167
040 _aUPAN
_cBiblioteca San Vicente
_eRCAA2
041 _aspa
082 _a341.481
_bT738d
_c1996
100 _aTravieso, Juan Antonio.
_4aut.
245 0 _aDerechos humanos. Fuentes e instrumentos./
_bJuan Antonio Travieso
250 _a1° ed.
260 _aBuenos Aires:
_bHeliasta,
_c1996
300 _a508 p.:
_c23 cm.
505 _aPreliminar. Fuentes bibliogràficas y documentales generales Capitulo 1. Los Derechos Humanos en la Constituciòn Argentina. Los Tratados Capitulo 2. Los Derechos Humanos en el Sistema de la ONU Capitulo 3. Los Derechos Humanos en el Sistema de la ONU Capitulo 4. Los Derechos Humanos en el Sistema de la ONU Capitulo 5. Los Derechos Humanos en el Sistema Europeo Comunitario Capitulo 6. Los Derechos Humanos en el Sistema Interamericano Capitulo 7. Los Convenios de Ginebra y el Derecho Humanitario
650 _2LEMB
_aDerecho
942 _cBK
_2ddc